Statistiken für Männliche Vornamen mit vier Buchstaben

Klicken Sie hier um das Quiz zu spielen!

Allgemein

  • Dieses Quiz wurde 241 mal gespielt
  • Das Durchschnittsergebnis liegt bei 15 aus 20

Antwortstatistiken

PersonenVorname% Korrekt
May, Marx, LagerfeldKarl
99%
von Bismarck, Waalkes, RehhagelOtto
91%
Tucholsky, Krömer, CobainKurt
90%
Schubert, Thon, ScholzOlaf
90%
Spahn, Lehmann, KnossallaJens
87%
Twain, Wahlberg, AurelMark
82%
Singer, Tyson, KrügerMike
82%
Schmitz, Schumacher, RangnickRalf
81%
Schmadkte, Pilawa, KachelmannJörg
80%
Petersen, Holgersson, FrahmNils
79%
Albers, Clarin, ZimmerHans
75%
Breitner, Ehrlich, BocusePaul
75%
Chávez, Boss, von HofmannsthalHugo
70%
Klingbeil, Stindl, von TrierLars
65%
Rethy, Lugosi, BBela
64%
Milberg, Prahl, SpringerAxel
63%
Illgner, Hombach, RamelowBodo
56%
Augustinski, Steinbrück, GyntPeer
56%
Bahr, Krenz, SchieleEgon
39%
Dahl, Elsholtz, FriedrichArne
33%

Verteilung der Resultate

Perzentil nach korrekt beantworteten Fragen

Anzahl Personen mit jedem Resultat

Ihre Resultats-Entwicklung

Sie haben dieses Quiz noch nicht gespielt